000 00707nam a2200193Ii 4500
003 JO-AjNU
008 230605s9999||||xx |||||||||||||| ||und||
040 _aJO-AjNU
_bara
_erda
_cJO-AjNU
041 _aara
050 1 4 _aBP144.B2 1981
100 3 _aبدران، بدران أبو العينين,
_eauthor
_938092
245 0 0 _aحقوق الأولاد في الشريعة الإسلامية والقانون
264 3 1 _aالاسكندرية: مؤسسة شباب الجامعة، 1981
300 _a231ص
336 _atext
_btxt
_2rdacontent
337 _aunmediated
_bn
_2rdamedia
338 _avolume
_bnc
_2rdacarrier
650 4 _aاحوال شخصية- الاسلام- اطفال- قانون
_938093
999 _aA15975
_c19543
_d19543